|
|
|
|
| LEADER |
00753nam a2200229 a 4500 |
| 001 |
GR-MES5252 |
| 008 |
991111s1992 enk 000 b eng d |
| 020 |
|
|
|a 0582083753
|
| 040 |
|
|
|a GrPaTEI
|b gre
|c GR-PaULI
|
| 245 |
0 |
0 |
|a Understanding the market.
|
| 250 |
|
|
|a 2th
|
| 260 |
|
|
|a London :
|b Longman,
|c 1992
|
| 300 |
|
|
|a xi,260σ.
|
| 650 |
|
4 |
|a Αγορά
|
| 650 |
|
4 |
|a Καπιταλισμός
|
| 650 |
|
4 |
|a Οικονομία
|
| 700 |
1 |
|
|a Dunnett, A.
|
| 710 |
0 |
|
|a хLongmanи
|
| 942 |
|
|
|2 ddc
|
| 952 |
|
|
|0 0
|1 0
|2 ddc
|4 0
|6 330_000000000000000_DUN
|7 0
|9 275818
|a MSLG
|b MSLG
|c BSC
|d 2021-01-17
|e 24
|f 0
|g 0.00
|l 0
|o 330 DUN
|p 2420000015321
|r 2021-01-17 00:00:00
|t 1
|w 2021-01-17
|y BK15
|x 19991111 0 1
|x GrPaTEI
|
| 971 |
|
|
|a .b25837199
|b 15-04-20
|c 14-09-16
|
| 999 |
|
|
|c 159874
|d 159874
|